| 000 | 00362cam a2200157ua 4500 | ||
|---|---|---|---|
| 003 | OSt | ||
| 005 | 20260424122134.0 | ||
| 008 | 260424b |||||||| |||| 00| 0 eng d | ||
| 041 | _aeng | ||
| 082 |
_a823.301 _bTWA/PR |
||
| 100 |
_aTwain, Mart . _97948 |
||
| 245 | _aPrince and the pauper / | ||
| 260 |
_a : _bLongmans , _c1966. |
||
| 300 | _a64 ; . | ||
| 942 | _cBK | ||
| 999 |
_c3492 _d3492 |
||